000 00425nam a2200157Ia 4500
008 231217s9999 xx 000 0 und d
041 _aEnglish
082 _a001.6424JAV RUS1;1 R
100 _aRussell, Joseph P
245 0 _aJava programming : for the obsolute beginner
260 _c2001
_bPHI
_aNew Delhi
300 _axxii+503
300 _cCD2145
650 _aJava,programming,:,obsolute,beginner
942 _cAA
999 _c175298
_d175298